| 000 | 01396cam a2200277 4500 | ||
|---|---|---|---|
| 001 | X113166 | ||
| 008 | 000000n2001 000 0 eng u | ||
| 035 | _a(Sirsi) u113166 | ||
| 100 | _aDunse, N. | ||
| 245 | _aClassifying office submarkets | ||
| 260 | _c2001 | ||
| 490 |
_aJournal of Property Investment and Finance _v19(3) 2001, 236-250(15) |
||
| 520 | _aArgues that, in order to derive a true picture of the market, office markets should be organised into submarkets rather than being classified using neo-classical location theory, and these submarkets should be derived empirically and not based on agent's knowledge. The statistical model proposed considers the office's characteristics including: whether it concerned is modern, traditional, serviced or on an office park; the floor area, construction type, condition, finish type, age, and attributes of the property; and the distance from the defined central point of the city centre. Includes case studies of the Glasgow and Edinburgh office markets. Tables, references. | ||
| 650 | _aEDINBURGH | ||
| 650 | _aGLASGOW | ||
| 650 | _aMARKET ANALYSIS | ||
| 650 | _aOFFICES | ||
| 650 | _aPROPERTY MARKET | ||
| 650 | _aPROPERTY MARKET ANALYSIS | ||
| 650 | _aSTATISTICAL ANALYSIS | ||
| 650 | _aSTATISTICAL MODELS | ||
| 690 | _aCOMMERICAL PROPERTY-MARKET | ||
| 700 | _aLeishman, C. | ||
| 700 | _aWatkins, C. | ||
| 942 | _n0 | ||
| 999 |
_c67388 _d67388 |
||